| 000 | 00838nam a2200205Ia 4500 | ||
|---|---|---|---|
| 001 | 4382 | ||
| 003 | GE_BSU | ||
| 008 | 181216s||||||||xx |||||||||||||| ||und|| | ||
| 040 | _cGE_BSU | ||
| 080 | _a66.02:683.3+69(075.32) | ||
| 100 | _aАнохин, А.В. Тыркин, Б.А. | ||
| 245 | _aСлесарь-монтажник технологического оборудования нефтехимических и химических производств. | ||
| 245 | _cред. В.Г. Старосветова. | ||
| 260 | _aм. | ||
| 260 | _bСтройиздат. | ||
| 260 | _c1974. | ||
| 300 | _a403стр. 20см. илл. | ||
| 653 | _aСлесарь-монтажник технологического оборудования нефтехимических и химических производств. | ||
| 942 | _cBK | ||
| 999 |
_c38372 _d38372 |
||